| Tag |
First Indicator |
Second Indicator |
Subfields |
| LEADER |
00000pam a2200000 a 4500 |
| 001 |
in00000096587 |
| 005 |
20150924084719.0 |
| 008 |
800520s1982 caua bf 00110 engm |
| 010 |
|
|
|a 80017161
|
| 020 |
|
|
|a 0894960172 (pbk.) :
|c $16.95
|
| 020 |
|
|
|a 0894960180 :
|c $13.95
|
| 035 |
|
|
|a (OCoLC)06421585
|
| 035 |
|
|
|9 AAK8717AM
|
| 040 |
|
|
|a DLC
|c DLC
|d m.c.
|d TXA
|d UtOrBLW
|
| 049 |
|
|
|a TXAM
|c [952322]
|
| 050 |
0 |
0 |
|a TA1542
|b U57 1982
|
| 082 |
0 |
|
|a 621.36/75
|
| 100 |
1 |
|
|a Unterseher, Fred.
|
| 245 |
1 |
0 |
|a Holography handbook :
|b making holograms the easy way /
|c Fred Unterseher, Jeannene Hansen, Bob Schlesinger.
|
| 264 |
|
1 |
|a Berkeley, Calif. :
|b Ross Books,
|c [1982]
|
| 264 |
|
4 |
|c ©1982
|
| 300 |
|
|
|a 407 pages :
|b illustrations ;
|c 21 x 27 cm.
|
| 336 |
|
|
|a text
|b txt
|2 rdacontent
|
| 337 |
|
|
|a unmediated
|b n
|2 rdamedia
|
| 338 |
|
|
|a volume
|b nc
|2 rdacarrier
|
| 500 |
|
|
|a Includes 1 hologram.
|
| 500 |
|
|
|a Includes index.
|
| 504 |
|
|
|a Bibliography: pages 392-396.
|
| 650 |
|
0 |
|a Holography
|x Handbooks, manuals, etc.
|
| 650 |
|
0 |
|a Photography, Abstract
|x Handbooks, manuals, etc.
|
| 700 |
1 |
|
|a Hansen, Jeannene.
|
| 700 |
1 |
|
|a Schlesinger, Bob.
|
| 999 |
|
|
|a MARS
|
| 999 |
f |
f |
|s 8cc9a6c3-cfc6-3832-b560-43fb105fedaf
|i 4f924328-fe1a-3df8-bde2-c309365f0b9e
|t 0
|
| 952 |
f |
f |
|p ric
|a Texas A&M University
|b Rellis Campus
|c Joint Library Facility
|d Remote Storage
|t 0
|e TA1542 U57 1982
|h Library of Congress classification
|i unmediated -- volume
|m A14806019884
|
| 998 |
f |
f |
|a TA1542 U57 1982
|t 0
|l Remote Storage
|